000 01194nam a2200325Ia 4500
005 20220317000027.0
007 ta
008 210823r19972020ck br 000 d und d
020 _a9789583003189
040 _aCO-BoRNBP
_bspa
_erda
_cCO-BoRNBP
041 0 _aspa
084 _aT REY1
100 1 _aReyes Posada, Carlos José
_d1941-
_eautor
245 1 3 _aLa piedra de la felicidad
_cCarlos José Reyes ; ilustrado por José Roberto Agudelo Zuluaga
250 _aPrimera edición
_bDecimoquinta reimpresión
264 _aBogotá
_bEditorial Panamericana
_c1997
_c2020
300 _a64 páginas
_bilustraciones
_c20 cm
336 _atexto
_btxt
_2rdacontent
337 _asin mediación
_bn
_2rdamedia
338 _avolumen
_bnc
_2rdacarrier
490 0 _aTeatro infantil juvenil
521 _aRecomendado para un público infantil mayor de 9 años
650 1 7 _aTeatro infantil colombiano
_2LEMB
650 1 7 _aLiteratura infantil colombiana
_2LEMB
650 1 7 _aAutores colombianos
_2LEMB
650 1 7 _aEscenografía y decoraciones
_2LEMB
650 1 7 _aTeatro escolar e Infantil colombiano
_2LEMB
700 1 4 _aAgudelo Zuluaga, José Roberto
_eilustrador
_910824
942 _2loc
_cBKLIT
999 _c2932
_d2932